| 000 -LEADER |
| fixed length control field |
01342nam a22002537 4500 |
| 003 - CONTROL NUMBER IDENTIFIER |
| control field |
AR-BaISA |
| 005 - DATE AND TIME OF LATEST TRANSACTION |
| control field |
20231003164716.0 |
| 007 - PHYSICAL DESCRIPTION FIXED FIELD--GENERAL INFORMATION |
| fixed length control field |
ta |
| 008 - FIXED-LENGTH DATA ELEMENTS--GENERAL INFORMATION |
| fixed length control field |
231003s2010 ag abo|| |||| 000 0 spa d |
| 020 ## - INTERNATIONAL STANDARD BOOK NUMBER |
| International Standard Book Number |
9789879173275 |
| 040 ## - CATALOGING SOURCE |
| Language of cataloging |
spa |
| Transcribing agency |
AR-BaISA |
| 082 04 - DEWEY DECIMAL CLASSIFICATION NUMBER |
| Edition number |
22 |
| Classification number |
711.4 G669 |
| 100 1# - MAIN ENTRY--PERSONAL NAME |
| 9 (RLIN) |
3102 |
| Personal name |
Gorelik, Adrián |
| 245 13 - TITLE STATEMENT |
| Title |
La grilla y el parque: |
| Remainder of title |
espacio público y cultura urbana en Buenos Aires, 1887-1936 / |
| Statement of responsibility, etc. |
Adrián Gorelik |
| 260 ## - PUBLICATION, DISTRIBUTION, ETC. |
| Place of publication, distribution, etc. |
Bernal: |
| Name of publisher, distributor, etc. |
Universidad Nacional de Quilmes, |
| Date of publication, distribution, etc. |
2010 |
| 300 ## - PHYSICAL DESCRIPTION |
| Extent |
455 p.: |
| Other physical details |
il., fotos, mapas |
| 490 1# - SERIES STATEMENT |
| Serie |
La ideología argentina |
| 505 ## - FORMATTED CONTENTS NOTE |
| Title |
INTRODUCCIÓN. UNA METRÓPOLIS EN LA PAMPA |
| -- |
FIGURACIONES. DE SARMIENTO A LA VANGUARDIA: |
| -- |
Ciudad nueva. La utopía del "pensamiento argentino" -- |
| -- |
Ciudad concentrada. La forma del orden -- |
| -- |
Ciudad extendida. La dimensión metropolitana |
| -- |
OMISIONES. EN TORNO AL CENTENARIO: |
| -- |
La ciudad y la historia. Primer cumpleaños -- |
| -- |
Vislumbrando la nueva ciudad -- |
| -- |
Del vecindario al barrio |
| -- |
MODERNIZACIÓN O REFORMA: |
| -- |
Por un espacio público metropolitano -- |
| -- |
"A la sombra de los barrios amados" -- |
| -- |
Fin de ciclo. Segundo cumpleaños |
| 650 10 - SUBJECT ADDED ENTRY--TOPICAL TERM |
| Topical term or geographic name entry element |
Planificación urbana |
| 9 (RLIN) |
3095 |
| 650 10 - SUBJECT ADDED ENTRY--TOPICAL TERM |
| 9 (RLIN) |
1870 |
| Topical term or geographic name entry element |
Historia del siglo XIX |
| Geographic subdivision |
Argentina |
| 650 10 - SUBJECT ADDED ENTRY--TOPICAL TERM |
| 9 (RLIN) |
1047 |
| Topical term or geographic name entry element |
Historia del siglo XX |
| Geographic subdivision |
Argentina |
| 830 ## - SERIES ADDED ENTRY--UNIFORM TITLE |
| 9 (RLIN) |
3103 |
| Uniform title |
La ideología argentina |
| 942 ## - ADDED ENTRY ELEMENTS (KOHA) |
| Source of classification or shelving scheme |
|
| Koha item type |
Libros |
| Edition |
22 |